Modelos de Aviões Comerciais - Statistics

Estatísticas Gerais
  • Esse quiz foi jogado 24 vezes
  • A pontuação média é 10 de 28
Estatísticas das Respostas
Imagem Resposta % Correto
Airbus A320neo
86%
Airbus A380
86%
Airbus A330-900
82%
Boeing 737-800
82%
Boeing 777-300ER
73%
Boeing 747-8i
64%
Airbus A340-300
59%
Airbus A350-900
59%
Boeing 787-9 Dreamliner
55%
ATR 72-600
50%
Boeing 757-200
50%
Airbus A319
45%
Airbus A321-200
45%
Boeing 767-300ER
41%
Embraer E175
27%
Cessna Gran Caravan 208B
23%
Embraer E195-E2
23%
Bombardier CRJ900
18%
DHC Dash-8 Q400
14%
Boeing 737 Max-8
9%
Embraer 135LR
9%
Avro RJ85 / Bae 146
5%
Comac ARJ21
5%
Comac C919
5%
Britten-Narman BN-2B Islander
0%
DHC Dash-8 Q200
0%
Sukhoi Superjet 100-95
0%
Tupolev 204
0%
Nenhum quiz correspondente encontrado
Distribuição das Pontuações
Porcentagem de Pessoas com Cada Pontuação
Percentil de Números Respondidos
Sua Pontuação Histórica
Você não jogou esse quiz